La plus grande ville de l'île - Statistiques

Statistiques générales
  • Ce quiz a été pris 242 fois
  • Le résultat moyen est 12 sur 21
Statistiques - réponses
Île La plus grande
ville
% Correct
Corse Ajaccio
99%
Cuba La Havane
93%
Chypre Nicosie
86%
Sicile Palerme
85%
Jamaique Kingston
84%
Java Jakarta
81%
Honshū Tokyo
78%
Sri Lanka Colombo
76%
Majorque Palma
68%
Sardaigne Cagliari
63%
Crète Héraklion
63%
Groenland Nuuk
62%
Bahreïn Manama
58%
Oahu Honolulu
38%
Île du Sud Christchurch
35%
Tenerife Santa Cruz de Tenerife
31%
Terre-Neuve Saint-Jean de Terre-Neuve
24%
Cebu Cebu
18%
île de Sainte-Hélène Half Tree Hollow
5%
Sakhaline Ioujno-Sakhalinsk
5%
Bornholm Rønne
4%
Aucun quiz correspondant
Distribution des résultats
% des personnes avec chaque résultat
Percentile par nombre de réponses
Votre historique - résultats
Vous n’avez pas pris ce quiz